LEADER 00996nam a2200253 i 4500 001 000000195330 003 CaOOAMICUS 005 20101209000000.0 008 101209s1984 pl u000 u fre u 013 $a174002 020 $a83-223-2219-4 040 $aSeMil$bita 100 1 $aPrzygonski, Antoni.$0(OLS)http://semarc/name/70901 245 12$aL'insurrection de Varsovie, 1944 /$cAntoni Przygonski. 260 $aVarsovie :$bAgence polonaise Interpress,$c1984. 300 $a42 p. ;$c20 cm. 500 $aContiene : Bibliographie. 650 4$aRivolta di Varsavia <1944>.$0(OLS)http://semarc/subject/16209 850 $aSeMil 852 $aSeMil$W1$xVenegono$y1$m5A XII 8/43$j145899$B145899$CSeMilBibl$Z2$F157416 $81 961 $aOmaggio: Altro 996 $6020$a83-223-2219-4$9(OLS)http://semarc/number/186998 996 $6245$aL'insurrection de Varsovie, 1944$9(OLS)http://semarc/title/281787 996 $6260$aVarsovie :$bAgence polonaise Interpress$9(OLS)http://semarc/publisher/50746 LEADER 00872nam a2200229 i 4500 001 000000089284 003 CaOOAMICUS 005 20020605000000.0 008 020605n it u000 u ita u 013 $a61525 040 $aSeMil$bita 240 13$aIl Novecento.$0(OLS)http://semarc/title/8615 245 13$aIl Novecento. 300 $a260 p. 490 0 $aI Libri Pocket ;$vVolume376 500 $aContiene : Nota bibliografica. 700 1 $aSpadolini, Giovanni <1925-1994>.$0(OLS)http://semarc/name/3766 773 0 $aSpadolini, Giovanni <1925-1994>$tUomini che fecero l'Italia.$dMilano : Longanesi, 1972.$gVolume2$w()7221 830 2$aI libri pocket ;$vVolume376.$0(OLS)http://semarc/title/401525 850 $aSeMil 852 $aSeMil$W1$xVenegono$y1$m62 3 376 *$j52430$B52430$CSeMilBibl$Z2$F56884 $81 996 $6245$aIl Novecento$9(OLS)http://semarc/title/8615